| 000 | 00817cam a2200265 4500 | ||
|---|---|---|---|
| 008 | 090401t1988 xxu||||| |||| 00| 0 eng d | ||
| 020 | _a0948774207 | ||
| 035 | _a(Sirsi) u63406 | ||
| 041 | _aeng | ||
| 050 | _a549.66 | ||
| 100 | _aFelstiner, William L.F | ||
| 245 | _aAsbestos litigation in the United Kingdom: an interim report | ||
| 260 |
_aOxford _bCentre for Socio-Legal Studies _c1988 |
||
| 300 | _a19p. ; 30cm. | ||
| 350 | _a4.95 | ||
| 520 | _aPublished jointly with the American Bar Foundation . Part of a study comparing the situation in the U.K. and the U.S.A. | ||
| 650 | _aASBESTOS-INDUCED DISEASES | ||
| 650 | _aASBESTOSIS | ||
| 650 | _aCOMPENSATION | ||
| 650 | _aUNIVERSITY OF OXFORD | ||
| 650 | _aWOLFSON COLLEGE | ||
| 700 | _aDingwall, Robert | ||
| 942 | _n0 | ||
| 948 | _c04/03/1997 | ||
| 999 |
_c94551 _d94551 |
||